[Event "USA Championship 2007"]
[Site "Stillwater USA"]
[Date "2007.05.22"]
[Round "8.14"]
[White "Browne, Walter"]
[Black "Pruess, David"]
[Result "1/2-1/2"]
[WhiteElo "2520"]
[BlackElo "2473"]
[PlyCount "88"]
[EventDate "2007.05.15"]
[EventType "swiss"]
[EventRounds "9"]
[EventCountry "USA"]
[Source "lmi"]
[SourceDate "2007.05.15"]

1. e4 e6 2. d4 d5 3. Nc3 Nf6 4. e5 Nfd7 5. f4 c5 6. Nf3 Nc6 7. Be3 Qb6 8. Na4
Qa5+ 9. c3 b6 10. Bd2 c4 11. b4 Qa6 12. Be2 b5 13. Nc5 Nxc5 14. dxc5 Bd7 15.
O-O Qb7 16. a3 a5 17. Be3 g6 18. Nd4 Be7 19. Qd2 Kd8 20. g4 Kc7 21. Nxc6 Qxc6
22. Bf3 Ra6 23. Qg2 Qa8 24. Rad1 f5 25. gxf5 gxf5 26. Kh1 Qf8 27. Rg1 Be8 28.
Qg7 Bg6 29. Qxf8 Bxf8 30. Rg3 axb4 31. axb4 Ra3 32. Rc1 Ra2 33. Rcg1 Bf7 34.
Rh3 h5 35. Bd4 Bh6 36. Rh4 Kc6 37. Rg2 Ra1+ 38. Rg1 Ra2 39. Rg2 Rxg2 40. Kxg2
Bf8 41. Rh3 h4 42. Bd1 Be7 43. Re3 Rg8+ 44. Kf1 Ra8 1/2-1/2

[Event "USA Championship 2007"]
[Site "Stillwater USA"]
[Date "2007.05.22"]
[Round "8.15"]
[White "Burnett, Ronald"]
[Black "Movsisyan, Movses"]
[Result "1-0"]
[WhiteElo "2396"]
[BlackElo "2274"]
[PlyCount "71"]
[EventDate "2007.05.15"]
[EventType "swiss"]
[EventRounds "9"]
[EventCountry "USA"]
[Source "lmi"]
[SourceDate "2007.05.15"]

1. Nf3 Nf6 2. c4 g6 3. Nc3 d5 4. Qa4+ Bd7 5. Qb3 dxc4 6. Qxc4 Bg7 7. e4 O-O 8.
e5 Be6 9. exf6 Bxc4 10. fxg7 Kxg7 11. Bxc4 Nc6 12. O-O e5 13. b3 f6 14. Bb2 Re8
15. Rfe1 Nd4 16. Nxd4 Qxd4 17. Rad1 c5 18. Ba1 Qd6 19. Ne4 Qc6 20. f4 b5 21.
Bf1 Rad8 22. fxe5 fxe5 23. g3 Rd4 24. Bg2 c4 25. Nf6 Qxf6 26. Bxd4 exd4 27.
Rxe8 d3 28. bxc4 bxc4 29. Re4 Qb6+ 30. Kh1 Qa6 31. a3 Qa4 32. Bf3 a5 33. Rc1
Qxa3 34. Rexc4 Qa2 35. Rc7+ Kh6 36. h4 1-0

[Event "USA Championship 2007"]
[Site "Stillwater USA"]
[Date "2007.05.22"]
[Round "8.16"]
[White "Airapetian, Chouchanik"]
[Black "Sarkar, Justin"]
[Result "0-1"]
[WhiteElo "2188"]
[BlackElo "2470"]
[PlyCount "132"]
[EventDate "2007.05.15"]
[EventType "swiss"]
[EventRounds "9"]
[EventCountry "USA"]
[Source "lmi"]
[SourceDate "2007.05.15"]

1. e4 c5 2. Nf3 Nc6 3. d4 cxd4 4. Nxd4 Nf6 5. Nc3 e5 6. Ndb5 h6 7. Nd6+ Bxd6 8.
Qxd6 Qe7 9. Qxe7+ Kxe7 10. Be3 d6 11. f3 Be6 12. a3 a6 13. Be2 Rac8 14. O-O Na5
15. Rf2 Rxc3 16. bxc3 Rc8 17. Bd3 Nc4 18. Bc1 d5 19. a4 dxe4 20. fxe4 Ne8 21.
Rb1 Rc7 22. h3 Ned6 23. Rf1 Bd7 24. Ra1 a5 25. Re1 Nb6 26. Ba3 Nxa4 27. c4 Ke6
28. Be2 Nc5 29. Bf3 Nxc4 30. Bg4+ Ke7 31. Bxd7 Kxd7 32. Red1+ Ke6 33. Bxc5 Rxc5
34. Rd8 Nd6 35. Rb8 Rxc2 36. Rxa5 Rc4 37. Ra1 Rxe4 38. Rb1 b5 39. Rd1 Rd4 40.
Rxd4 exd4 41. Kf2 Kd5 42. Rd8 h5 43. Ke2 Ke5 44. Rd7 h4 45. Re7+ Kd5 46. Kd3 g5
47. Rd7 f6 48. Rd8 Ke5 49. Rd7 Nf5 50. Rb7 Ne3 51. Rxb5+ Kf4 52. Rb2 Kg3 53.
Kxd4 Nxg2 54. Rb3+ Kf4 55. Rb2 Ne1 56. Rf2+ Kg3 57. Rxf6 Kxh3 58. Ke3 Kg2 59.
Ke2 h3 60. Kxe1 h2 61. Rf2+ Kg3 62. Rf1 g4 63. Ke2 Kg2 64. Rf2+ Kh3 65. Rf1 g3
66. Ra1 Kg2 0-1

[Event "USA Championship 2007"]
[Site "Stillwater USA"]
[Date "2007.05.22"]
[Round "8.17"]
[White "Smith, Bryan"]
[Black "Braunlich, Tom"]
[Result "1-0"]
[WhiteElo "2441"]
[BlackElo "2136"]
[PlyCount "89"]
[EventDate "2007.05.15"]
[EventType "swiss"]
[EventRounds "9"]
[EventCountry "USA"]
[Source "lmi"]
[SourceDate "2007.05.15"]

1. e4 d5 2. exd5 Qxd5 3. Nf3 g6 4. d4 Bg7 5. c4 Qd6 6. Nc3 Nh6 7. Be2 O-O 8. h3
Nf5 9. d5 c5 10. O-O Nd7 11. Kh1 a6 12. Bd3 b5 13. cxb5 Nb6 14. Nd2 Bb7 15.
Nde4 Qc7 16. bxa6 Bxa6 17. Bxa6 Rxa6 18. a4 Rfa8 19. Ra2 Nd4 20. Be3 f5 21. Ng5
f4 22. Bc1 Qe5 23. Nf3 Qf5 24. Ra1 g5 25. d6 e5 26. Nd2 Nd7 27. Nde4 Nf6 28. f3
h5 29. Qd3 Ra5 30. Qc4+ Kh7 31. Qf7 Kh6 32. g4 hxg4 33. hxg4 Qg6 34. Qc4 Qe8
35. Kg2 Kg6 36. Qd3 c4 37. Qxc4 Nxe4 38. Qd3 Qc6 39. Nxe4 Qc2+ 40. Qxc2 Nxc2
41. Bd2 Rxa4 42. Rxa4 Rxa4 43. Rc1 Ne3+ 44. Bxe3 fxe3 45. Kf1 1-0

[Event "USA Championship 2007"]
[Site "Stillwater USA"]
[Date "2007.05.22"]
[Round "8.18"]
[White "Zenyuk, Iryna"]
[Black "Aigner, Michael"]
[Result "0-1"]
[WhiteElo "2229"]
[BlackElo "2300"]
[PlyCount "86"]
[EventDate "2007.05.15"]
[EventType "swiss"]
[EventRounds "9"]
[EventCountry "USA"]
[Source "lmi"]
[SourceDate "2007.05.15"]

1. d4 f5 2. Nc3 d5 3. Bf4 c6 4. e3 Nf6 5. Bd3 g6 6. h4 Bg7 7. h5 Ne4 8. Nf3 Nd7
9. hxg6 hxg6 10. Rxh8+ Bxh8 11. Nh4 Nf8 12. Nf3 Qb6 13. a3 Ne6 14. Be5 Bf6 15.
Bxf6 exf6 16. Nd2 Bd7 17. f3 Nxc3 18. bxc3 O-O-O 19. Kf2 f4 20. e4 Qa5 21. Nb3
Qxc3 22. Qe1 Qxe1+ 23. Rxe1 dxe4 24. fxe4 Be8 25. d5 Ng5 26. c4 Nf7 27. Nd4 Ne5
28. Be2 Bf7 29. Rd1 c5 30. Nb3 b6 31. a4 Rh8 32. a5 g5 33. axb6 axb6 34. Ra1
Kb7 35. Rb1 Rc8 36. Nc1 Bg6 37. Bd3 g4 38. Ke2 g3 39. Nb3 Bh5+ 40. Kd2 f3 41.
Nc1 Ra8 42. gxf3 Bxf3 43. Be2 g2 0-1

[Event "USA Championship 2007"]
[Site "Stillwater USA"]
[Date "2007.05.23"]
[Round "9.12"]
[White "Mulyar, Michael"]
[Black "Friedel, Joshua"]
[Result "1/2-1/2"]
[WhiteElo "2376"]
[BlackElo "2474"]
[PlyCount "100"]
[EventDate "2007.05.15"]
[EventType "swiss"]
[EventRounds "9"]
[EventCountry "USA"]
[Source "lmi"]
[SourceDate "2007.05.15"]

1. e4 e5 2. Nf3 Nc6 3. Bb5 a6 4. Ba4 Nf6 5. O-O Be7 6. Re1 b5 7. Bb3 d6 8. c3
O-O 9. h3 Na5 10. Bc2 c5 11. d4 Nd7 12. dxc5 dxc5 13. Nbd2 Bb7 14. Nf1 Nc4 15.
Ng3 Nd6 16. Nh2 Re8 17. Ng4 Bf8 18. Qe2 Qc7 19. Ne3 g6 20. Bd2 Bg7 21. Rad1 Nf8
22. Ng4 Ne6 23. Bh6 Bxh6 24. Nxh6+ Kg7 25. Rxd6 Kxh6 26. Qd2+ Kg7 27. Rd7 Rad8
28. Rd1 Rxd7 29. Qxd7 Rd8 30. Qxc7 Rxd1+ 31. Bxd1 Nxc7 32. a4 Ne8 33. axb5 axb5
34. f3 Nd6 35. Bc2 Nc4 36. b3 Ne3 37. Bd3 Bc6 38. Ne2 f5 39. exf5 gxf5 40. Kf2
f4 41. g3 Nd1+ 42. Kg2 c4 43. bxc4 bxc4 44. Bb1 h6 45. gxf4 exf4 46. Ba2 Bd5
47. Kf1 Bxf3 48. Nxf4 Kf6 49. Bxc4 Kf5 50. Ne2 Bxe2+ 1/2-1/2

[Event "USA Championship 2007"]
[Site "Stillwater USA"]
[Date "2007.05.23"]
[Round "9.14"]
[White "Sarkar, Justin"]
[Black "Smith, Bryan"]
[Result "1/2-1/2"]
[WhiteElo "2418"]
[BlackElo "2386"]
[PlyCount "71"]
[EventDate "2007.05.15"]
[EventType "swiss"]
[EventRounds "9"]
[EventCountry "USA"]
[Source "lmi"]
[SourceDate "2007.05.15"]

1. d4 Nf6 2. c4 c5 3. d5 e5 4. Nc3 d6 5. e4 Be7 6. Bd3 Nbd7 7. Nf3 a6 8. a4 O-O
9. h3 Nh5 10. Ne2 g6 11. g4 Ng7 12. Rg1 Kh8 13. Bh6 Nf6 14. Ng3 Ng8 15. Be3 Bd7
16. a5 b5 17. b3 Qc8 18. Qc2 Bd8 19. Ke2 Bc7 20. Nd2 Rb8 21. f4 exf4 22. Bxf4
Bxg4+ 23. hxg4 Qxg4+ 24. Ke3 g5 25. Ne2 gxf4+ 26. Nxf4 Qh4 27. Rxg7 Kxg7 28.
Qc3+ f6 29. Ne6+ Kh8 30. Nxc7 b4 31. Qb2 Qg5+ 32. Ke2 Qg4+ 33. Kf2 Qh4+ 34. Ke2
Qg4+ 35. Kf2 Qh4+ 36. Ke2 1/2-1/2

[Event "USA Championship 2007"]
[Site "Stillwater USA"]
[Date "2007.05.23"]
[Round "9.15"]
[White "Airapetian, Chouchanik"]
[Black "Burnett, Ronald"]
[Result "0-1"]
[WhiteElo "2180"]
[BlackElo "2376"]
[PlyCount "36"]
[EventDate "2007.05.15"]
[EventType "swiss"]
[EventRounds "9"]
[EventCountry "USA"]
[Source "lmi"]
[SourceDate "2007.05.15"]

1. e4 g6 2. d4 d6 3. Nc3 Nf6 4. f3 c6 5. Bc4 Nbd7 6. a4 Bg7 7. Nge2 O-O 8. Be3
d5 9. Bb3 dxe4 10. fxe4 e5 11. h3 exd4 12. Bxd4 Qe7 13. Ng3 Nc5 14. Bxc5 Qxc5
15. Qd2 Qe5 16. Qf2 Be6 17. Bxe6 fxe6 18. O-O Nh5 0-1

[Event "USA Championship 2007"]
[Site "Stillwater USA"]
[Date "2007.05.23"]
[Round "9.17"]
[White "Bonin, Jay"]
[Black "Movsisyan, Movses"]
[Result "1/2-1/2"]
[WhiteElo "2352"]
[BlackElo "2280"]
[PlyCount "118"]
[EventDate "2007.05.15"]
[EventType "swiss"]
[EventRounds "9"]
[EventCountry "USA"]
[Source "lmi"]
[SourceDate "2007.05.15"]

1. b3 e5 2. Bb2 Nc6 3. e3 d5 4. Bb5 Bd6 5. c4 Bd7 6. cxd5 Nb4 7. Be2 Nf6 8. a3
Nbxd5 9. d3 O-O 10. Nf3 Qe7 11. Nbd2 b5 12. O-O Ng4 13. Ne4 Ngxe3 14. fxe3 Nxe3
15. Qd2 Nxf1 16. Bxf1 f5 17. Nf2 Bc6 18. Nxe5 Bxe5 19. Re1 Bxh2+ 20. Kxh2 Qh4+
21. Nh3 f4 22. Qf2 Qxf2 23. Nxf2 Rae8 24. Ne4 f3 25. Bd4 Re6 26. Re3 Rh6+ 27.
Kg1 Rg6 28. g3 Bxe4 29. dxe4 Rxg3+ 30. Kf2 Rg4 31. Bc5 Rff4 32. e5 a6 33. e6
Re4 34. Bh3 Rxe3 35. Kxe3 Rg5 36. e7 Kf7 37. Bd7 Re5+ 38. Kxf3 Rxe7 39. Bxe7
Kxe7 40. Bc8 a5 41. Bf5 h6 42. Bd3 c6 43. Bg6 Kd6 44. Ke4 Kc5 45. Kd3 Kd5 46.
Be4+ Kc5 47. Kc3 b4+ 48. axb4+ axb4+ 49. Kd3 h5 50. Bf3 h4 51. Ke4 h3 52. Ke5
g5 53. Bg4 h2 54. Bf3 Kb5 55. Kf5 c5 56. Kg4 c4 57. bxc4+ Kxc4 58. Kh3 Kd4 59.
Kxh2 Ke3 1/2-1/2

[Event "USA Championship 2007"]
[Site "Stillwater USA"]
[Date "2007.05.23"]
[Round "9.18"]
[White "Braunlich, Tom"]
[Black "Zenyuk, Iryna"]
[Result "1/2-1/2"]
[WhiteElo "2199"]
[BlackElo "2177"]
[PlyCount "62"]
[EventDate "2007.05.15"]
[EventType "swiss"]
[EventRounds "9"]
[EventCountry "USA"]
[Source "lmi"]
[SourceDate "2007.05.15"]

1. d4 Nf6 2. c4 g6 3. Nc3 Bg7 4. Nf3 d6 5. Bf4 O-O 6. e3 Nbd7 7. Be2 b6 8. O-O
Bb7 9. h3 Ne4 10. Nxe4 Bxe4 11. Nd2 Bb7 12. Bf3 Qc8 13. Bxb7 Qxb7 14. Qf3 Qxf3
15. Nxf3 c5 16. Rad1 Rfd8 17. b3 cxd4 18. exd4 d5 19. cxd5 Nf6 20. d6 exd6 21.
Rc1 Nd5 22. Bd2 Rac8 23. Rfe1 Kf8 24. Kf1 h6 25. Ke2 Ke7 26. Kd3+ Kd7 27. a4 a6
28. Rc4 b5 29. axb5 axb5 30. Rxc8 Kxc8 31. Ra1 Kb7 1/2-1/2